000 00561nam a2200229Ia 4500
003 OSt
005 20220924132737.0
006 a|||||r|||| 00| 0
007 ta
008 220923b |||||||| |||| 00| 0 san d
024 _a247351
037 _cTextual
040 _aARTS
_cARTS
_bsan
041 _2san
_asan
082 _aO15,1A2, G5.2
100 _aDutt Shir
_9204898
245 0 _aAtha gadhabharatam
260 _c1935
650 _aSANSKRIT LITERATURE
942 _hO15,1A2, G5.2
_cTEXL
_2CC
999 _c431395
_d431395